000 00614cam a2200193 a 4500
001 1143729
005 20250123160406.0
008 950612s1995 stk b 001 0 eng
020 _a1570750483
050 0 0 _aBR1360
_b.B39 1995
082 0 0 _a276
_220
100 1 _aBediako, Kwame.
245 1 0 _aChristianity in Africa :
_bthe renewal of a non-Western religion /
_cKwame Bediako.
260 _aEdinburgh :
_bEdinburgh University Press ;
_aMaryknoll, N.Y. :
_bOrbis Books,
_cc1995.
300 _axii, 276 p. ;
_c22 cm.
650 0 _aChristianity
_zAfrica.
650 0 _aChristianity and culture.
942 _2lcc
_cBK
_n0
999 _c2941
_d2941